MARC
| LEADER | 00000cam a2200000 a 4500 | ||
|---|---|---|---|
| 001 | UCG9595 | ||
| 003 | CL-VaPUC | ||
| 008 | 120323e20090000GW |||||||||||||||||spa|d | ||
| 020 | |a 9783836514170 | ||
| 082 | 0 | 4 | |a 709.04063 |b KLI |2 21 |
| 100 | 0 | |a Klingsohr-Leroy, Cathrin |e author |9 561220 | |
| 700 | |a Grosenick, Uta |e author |9 561221 | ||
| 245 | 1 | 0 | |a Surrealismo |
| 300 | |a 95 p | ||
| 942 | |c BK | ||
| 945 | |d 20120323 00:00:00 |a dcastane | ||
| 260 | |a Colonia |b Taschen |c 2009 | ||
| 650 | 0 | |a Surrealismo |9 265502 | |
| 583 | |a last modification |c 20120323 11:52:00 |k Rodrigo Vera | ||
| 999 | |c 347141 |d 347139 | ||